Hikayat anak kera

Bibliographic Details
Format: Book
Published: Selangor : Early Learner Publications
Subjects:

MARC

LEADER 00000cam a2200000 7i4500
001 0000004963
005 20151222.0
008 070731
020 |a 9833326528 
090 0 0 |a JF   |b MOR JAW (6060) 
245 0 0 |a Hikayat anak kera 
260 |a Selangor :   |b Early Learner Publications 
500 |a Children ages 7-9 years old (orange) 
650 0 |a Jawi 
999 |a 0000978894   |b Book   |c Children Collection   |e Cawangan Taman Universiti 
999 |a 0000978895   |b Book   |c Children Collection   |e Cawangan Taman Universiti 
999 |a 0001149288   |b Book   |c Children Collection   |e Cawangan Taman Universiti